| 000 | 01610 a2200289 4500 | ||
|---|---|---|---|
| 003 | Nust | ||
| 005 | 20230130105542.0 | ||
| 010 | _a 95043267 | ||
| 020 | _a0226816265 (cloth : alk. paper) | ||
| 020 | _a0226816273 (paper : alk. paper) | ||
| 040 | _cNust | ||
| 082 | 0 | 0 | _a808.02,TUR |
| 100 | 1 |
_aTurabian, Kate L. _97447 |
|
| 245 | 1 | 2 |
_aA manual for writers of term papers, theses, and dissertations / _cKate L. Turabian. |
| 250 | _a6th ed. / rev. by John Grossman and Alice Bennett. | ||
| 260 |
_aChicago : _bUniversity of Chicago Press, _c1996. |
||
| 300 |
_aix, 308 p. : _bill., 1 map ; _c23 cm. |
||
| 440 | 0 | _aChicago guides to writing, editing, and publishing | |
| 505 | _aParts of the Paper (Page-1), Abbreviation and Numbers (Page-14), Spelling and Punctuation (Page-39), Capitalization , Italics and Quotation Marks (Page-64), Quotation (Page-73), Tables (Page-87), Illustration (Page-104) Notes (Page-116), Bibliographies (Page-165), Parenthetical References and reference Lists (Page-175), Comparing the two Documentation Systems (Page-185) Public Documents (Page-214), Preparing the Manuscript (Page-239), Formats and Sample Layouts (Page-251). | ||
| 650 | 0 |
_aAcademic writing _xHandbooks, manuals, etc. _97423 |
|
| 650 | 0 |
_aDissertations, Academic _xHandbooks, manuals, etc. _97449 |
|
| 700 | 1 |
_aBennett, Alice, _d1938- _97451 |
|
| 700 | 1 |
_aGrossman, John, _d1924- _97450 |
|
| 856 | 4 | 2 |
_3Publisher description _uhttp://www.loc.gov/catdir/description/uchi051/95043267.html |
| 856 | 4 | 2 |
_3Table of contents _uhttp://www.loc.gov/catdir/toc/uchi051/95043267.html |
| 942 |
_2ddc _cBK _k808.02,TUR |
||
| 999 |
_c178783 _d178783 |
||